00826nam a22001937a 4500008004100000020002400041040000800065082001700073100002100090245010700111260006500218300003400283336002700317337003300344338002900377490001200406505015600418650005800574260627b mx ||||gr|||| 00| 0 spa d a970 - 35 - 0610 - 0 bspa04a372.423bC64 cMARTÍN, ANDREU aUNA EDAD A FLOR DE PIELb¿POR QUÉ LITERATURA PARA ADOLESCENTES? CONFERENCIA PARA UN RELATO EJEMPLAR aMÉXICObCONSEJO NACIONAL PARA LA CULTURA Y LAS ARTESc2004 a53 páginasc21 cm x 13.5 cm 2rdacontentatextobtxt 2rdamediaasin mediaciónbn 2rdacarrieravolumen bnc0 aVOL. 11 aSe defiende la importancia de escribir para jóvenes desde la experiencia vital y rechazan la idea de que la literatura juvenil sea un género menor. aCIENCIAS SOCIALESvEDUCACIÓN xEDUCACIÓN PRIMARIA